Six ans á Moscou / (Record no. 94901)

MARC details
000 -LEADER
campo de control de longitud fija 00501nam a2200169 i 4500
001 - NÚMERO DE CONTROL
campo de control 94901
003 - IDENTIFICADOR DE NÚMERO DE CONTROL
campo de control ES-MaACL
005 - FECHA Y HORA DE LA ÚLTIMA TRANSACCIÓN
campo de control 20230906181559.0
007 - CAMPO FIJO DE DESCRIPCIÓN FÍSICA--INFORMACIÓN GENERAL
campo de control de longitud fija t|
008 - DATOS DE LONGITUD FIJA--INFORMACIÓN GENERAL
campo de control de longitud fija 050517s1937 be ||||1| fre d
100 1# - ENTRADA PRINCIPAL--NOMBRE DE PERSONA
Nombre de persona Luciani, Georges.
9 (RLIN) 74577
245 10 - MENCIÓN DEL TÍTULO
Título Six ans á Moscou /
Mención de responsabilidad, etc. Georges Luciani ; préface de Henry Rollin.
260 ## - PUBLICACIÓN, DISTRIBUCIÓN, ETC.
Lugar de publicación, distribución, etc. Paris-Picart :
Nombre del editor, distribuidor, etc. [s.n.],
Fecha de publicación, distribución, etc. 1937 (
Fabricante Imp. Erasmus Giraud)
300 ## - DESCRIPCIÓN FÍSICA
Extensión 429 p. ;
Dimensiones 26 cm.
700 1# - ENTRADA AGREGADA--NOMBRE PERSONAL
Nombre de persona Rollin, Henri.
9 (RLIN) 99190
852 ## - LOCALIZACIÓN
Ubicación ES-MaACL
Número de control de estantería B-9585
Sublocalización o colección R.19356
Holdings
Estatus retirado Estado de pérdida Estado de daño No para préstamo Biblioteca de origen Biblioteca actual Ubicación en estantería Fecha de adquisición Fuente de adquisición Total de préstamos Signatura topográfica completa Código de barras Visto por última vez Precio de reemplazo Tipo de ítem Koha
        Biblioteca del Ateneo de Madrid Biblioteca del Ateneo de Madrid Sala Pardo Bazán 17/01/2008     B-9585 1099105 23/02/2023 23/02/2023 Libro impreso